[Event "AUTO-OPEN-2948"]
[Site "http://www.queenalice.com/game.php?id=1163584"]
[Date "2013.3.22"]
[Round "1"]
[White "madruga23"]
[Black "Konstantinus"]
[Result "0-1"]
[WhiteElo "1923"]
[BlackElo "2008"]

1. e4 e5 2. Nf3 Nc6 3. Nc3 Nf6 4. Bb5 a6 5. Bxc6 dxc6 6. Nxe5 Nxe4 7. Nxe4 Qd4
8. O-O Qxe5 9. Re1 Be7 10. d4 Qf5 11. Qe2 O-O 12. Ng3 Qe6 13. Nf5 Qxf5 14. Qxe7
Qd7 15. Bf4 Qxe7 16. Rxe7 Be6 17. Rxc7 Ra7 18. Be3 Bd5 19. Rc1 Rb8 20. c4 Be4
21. d5 Raa8 22. d6 b5 23. c5 Rd8 24. Rd1 Bd5 25. Rd4 Kf8 26. Rh4 h6 27. Bg5 Re8
28. Be7+ Kg8 29. f3 Rec8 30. Rxc8+ Rxc8 0-1

[Event "AUTO-OPEN-2948"]
[Site "http://www.queenalice.com/game.php?id=1163585"]
[Date "2013.3.22"]
[Round "1"]
[White "Konstantinus"]
[Black "madruga23"]
[Result "1-0"]
[WhiteElo "1994"]
[BlackElo "1937"]

1. d4 c5 2. d5 e6 3. c4 exd5 4. cxd5 Nf6 5. Nc3 Bd6 6. Nf3 b5 7. Nxb5 Qa5+ 8.
Nc3 Bb7 9. Bd2 Qc7 10. e4 O-O 11. Bd3 Ba6 12. Qc2 Bxd3 13. Qxd3 Re8 14. O-O Ng4
15. g3 Ne5 16. Nxe5 Bxe5 17. f4 Bd4+ 18. Kh1 Qb6 19. Na4 Qa6 20. Qxa6 Nxa6 21.
Rfe1 Nb4 22. Bxb4 cxb4 23. Rac1 Rac8 24. Rxc8 Rxc8 25. Re2 Rc1+ 26. Kg2 Ra1 27.
b3 h6 28. e5 Rd1 29. d6 g5 30. Nb2 Rb1 31. Nc4 g4 32. Ne3 h5 33. Kf2 1-0

[Event "AUTO-ADV-2796"]
[Site "http://www.queenalice.com/game.php?id=1164025"]
[Date "2013.3.23"]
[Round "1"]
[White "pawnforme"]
[Black "madruga23"]
[Result "1-0"]
[WhiteElo "1927"]
[BlackElo "1932"]

1. Nc3 d5 2. d4 Bf5 3. Nf3 e6 4. g3 Bb4 5. Bg2 c5 6. O-O Qc7 7. Bd2 Nf6 8. dxc5
Bxc5 9. e3 Nbd7 10. a3 O-O 11. Re1 Rad8 12. Qc1 Ne4 13. Nh4 Bg6 14. Nxg6 fxg6
15. Nxe4 dxe4 16. Bxe4 Qe5 17. Bxb7 Rb8 18. Bc3 Qf5 19. Bg2 Qxf2+ 20. Kh1 Nf6
21. b4 Bb6 22. Bd4 Rfd8 23. c3 e5 24. Rf1 Qe2 25. Bf3 Qc4 26. Bxb6 Rxb6 27. Re1
Rd3 28. Be2 Qd5+ 29. Kg1 Rd2 30. c4 Qd7 31. c5 Rb8 32. Qc3 Ne4 33. Qc4+ Qd5 34.
Qxd5+ Rxd5 35. Bc4 Rd8 36. Bxd5+ Rxd5 37. a4 Nc3 38. Ra3 Rd3 39. Kf1 1-0

[Event "AUTO-ADV-2796"]
[Site "http://www.queenalice.com/game.php?id=1164026"]
[Date "2013.3.23"]
[Round "1"]
[White "madruga23"]
[Black "pawnforme"]
[Result "1-0"]
[WhiteElo "1945"]
[BlackElo "1905"]

1. e4 c5 2. Bc4 e6 3. Nf3 Ne7 4. d4 cxd4 5. Nxd4 Ng6 6. Qh5 Be7 7. Nf3 Nc6 8.
Nc3 O-O 9. Bg5 d6 10. Bxe7 Ncxe7 11. Ng5 h6 12. Nh3 Qc7 13. Bb3 b6 14. O-O Bb7
15. Rfe1 e5 16. Rad1 Kh8 17. g3 Rad8 18. Ng5 Kg8 19. Nh3 Bc8 20. Kg2 a6 21. Nd5
Nxd5 22. Bxd5 Bxh3+ 23. Kxh3 Nh8 24. c3 Qe7 25. f4 exf4 26. gxf4 Kh7 27. Rg1 g6
28. Qf3 f5 29. Rde1 Qf6 30. exf5 Qxf5+ 31. Kg2 Rd7 32. Kh1 Nf7 33. Be4 Qf6 34.
Rxg6 Qxg6 35. Rg1 Ne5 36. Bxg6+ Nxg6 37. Qe4 1-0

[Event "AUTO-ADV-2796"]
[Site "http://www.queenalice.com/game.php?id=1164039"]
[Date "2013.3.23"]
[Round "1"]
[White "TIKAR"]
[Black "madruga23"]
[Result "0-1"]
[WhiteElo "1762"]
[BlackElo "1899"]

1. e4 e5 2. Nf3 Nf6 3. Nxe5 d6 4. Bb5+ c6 5. Nxf7 Kxf7 6. Bc4+ d5 7. exd5 cxd5
8. Bb3 Qe8+ 9. Kf1 Qb5+ 10. d3 Bb4 11. g3 Bg4 12. c4 Qb6 13. Qc2 Re8 14. Kg2 Re2
15. Be3 Qxe3 0-1

[Event "AUTO-ADV-2796"]
[Site "http://www.queenalice.com/game.php?id=1164040"]
[Date "2013.3.23"]
[Round "1"]
[White "madruga23"]
[Black "TIKAR"]
[Result "0-1"]
[WhiteElo "1810"]
[BlackElo "1767"]

1. e4 e5 2. Nf3 d6 3. Bc4 h6 4. c3 Nf6 5. d3 Nc6 6. h3 Be7 7. Nbd2 Na5 8. Qa4+
Nc6 9. b4 a6 10. Qb3 O-O 11. Nh4 b5 12. Bd5 Nxd5 13. exd5 Bxh4 14. dxc6 Qg5 15.
Qd5 Qg6 16. g3 Be6 17. Qe4 Be7 18. d4 Bf5 19. Qg2 exd4 20. cxd4 Bd3 21. Nb3 Qe6+
22. Be3 Qc4 23. f3 Qxb4+ 24. Qd2 Qc4 25. Rc1 Qd5 26. Qxd3 Qxf3 27. Kd2 f5 28.
Qf1 Qe4 29. Qf4 Qg2+ 30. Qf2 Qxf2+ 31. Bxf2 Rae8 32. Rce1 d5 33. h4 Bb4+ 34. Kd1
Bxe1 35. Bxe1 Re3 36. Bf2 Rf3 37. Ke2 Rc3 38. Rc1 Re8+ 39. Kd2 Rf3 40. Rf1 a5
41. Nc5 f4 42. gxf4 Rxf4 0-1

[Event "AUTO-ADV-2796"]
[Site "http://www.queenalice.com/game.php?id=1164047"]
[Date "2013.3.23"]
[Round "1"]
[White "clovis"]
[Black "madruga23"]
[Result "1-0"]
[WhiteElo "1962"]
[BlackElo "1940"]

1. e4 e5 2. Bc4 Nc6 3. Nf3 d6 4. O-O Bg4 5. c3 Qf6 6. Qb3 O-O-O 7. Bxf7 Bxf3 8.
Bxg8 Qg6 9. Qe6+ Kb8 10. Qxg6 hxg6 11. Bd5 Bg4 12. d4 Be7 13. f4 exd4 14. Bxc6
bxc6 15. cxd4 d5 16. e5 Rh7 17. h3 Bf5 18. Nc3 Rdh8 19. Be3 Rh5 20. g4 Bxg4 21.
hxg4 Rh1+ 22. Kf2 R8h2+ 23. Kf3 Rh3+ 24. Ke2 R1h2+ 25. Kd3 c5 26. b3 c4+ 27.
bxc4 dxc4+ 28. Ke4 c6 29. f5 Rc2 30. Rac1 gxf5+ 31. gxf5 1-0

[Event "AUTO-ADV-2796"]
[Site "http://www.queenalice.com/game.php?id=1164048"]
[Date "2013.3.23"]
[Round "1"]
[White "madruga23"]
[Black "clovis"]
[Result "1-0"]
[WhiteElo "1910"]
[BlackElo "1982"]

1. e4 e5 2. Nf3 Nc6 3. d4 exd4 4. Nxd4 Nf6 5. Bg5 Bc5 6. Nxc6 bxc6 7. Qf3 Qe7 8.
Bxf6 Qxf6 9. Qxf6 gxf6 10. Bc4 O-O 11. Nd2 Rb8 12. Nb3 Bb6 13. a4 Re8 14. O-O
Rxe4 15. Bd3 Re8 16. a5 a6 17. axb6 cxb6 18. Bxa6 Bxa6 19. Rxa6 Re2 20. Rc1 Rbe8
21. Kf1 1-0

[Event "1ª Simultanea-mesa 7"]
[Site "http://www.queenalice.com/game.php?id=1166552"]
[Date "2013.3.31"]
[Round "-"]
[White "Herbert_Paulo"]
[Black "madruga23"]
[Result "0-1"]
[WhiteElo "1801"]
[BlackElo "1929"]

1. e4 e5 2. Nf3 Nf6 3. Nc3 d6 4. Bc4 Bg4 5. Be2 Nc6 6. d3 h6 7. O-O Be7 8. Be3
Nh5 9. Nd5 Nf6 10. Nxe7 Nxe7 11. h3 Bh5 12. Nh2 Bg6 13. f4 O-O 14. Ng4 Nxg4 15.
Bxg4 f5 16. exf5 Bxf5 17. Bf3 exf4 18. Bxf4 c6 19. Bg3 Ng6 20. Be4 Bxe4 21. dxe4
Qg5 22. Rxf8+ Rxf8 23. Bh2 Qe3+ 24. Kh1 Rf2 25. Qxd6 Qxe4 26. Rg1 Nh4 27. Qd8+
Kh7 28. Qd3 Qxd3 29. cxd3 Rxb2 30. Bg3 Nf5 31. Bb8 Rxa2 32. Rb1 b6 33. Rb4 g5
34. Re4 a5 35. Re6 Rc2 36. Bc7 a4 37. Bxb6 a3 38. Re5 Nh4 39. Re7+ Kg6 40. Bd4
Nxg2 41. Ra7 Ne1 42. Rxa3 Nf3 43. Bg1 h5 44. d4 g4 45. hxg4 hxg4 46. Re3 Kf5 47.
Re8 Rc1 48. Rf8+ Ke4 0-1

[Event "Challenge"]
[Site "http://www.queenalice.com/game.php?id=1168352"]
[Date "2013.4.4"]
[Round "-"]
[White "tallos"]
[Black "madruga23"]
[Result "0-1"]
[WhiteElo "1994"]
[BlackElo "1916"]

1. e4 e5 2. Nf3 Nf6 3. Nc3 Nc6 4. g3 d6 5. Bg2 Bg4 6. h3 Bxf3 7. Bxf3 g6 8. d3
Nd4 9. Bg2 c6 10. O-O Bg7 11. Be3 d5 12. exd5 Nxd5 13. Nxd5 cxd5 14. Bxd4 exd4
15. Re1+ Kf8 16. Qf3 Bf6 17. Qxd5 Qxd5 18. Bxd5 Kg7 19. Re2 Rhd8 20. Bb3 Rac8
21. Rae1 a5 22. Kg2 b5 23. a4 b4 24. Bc4 Kf8 25. Bb5 Rc7 26. Re8+ Rxe8 27. Rxe8+
Kg7 28. Bc4 Re7 29. Ra8 Re5 30. Ra7 Bd8 31. Rxf7+ Kh6 32. Rd7 Bb6 33. Bg8 Re2
34. Rxh7+ Kg5 35. h4+ Kg4 36. Rg7 Bd8 37. Rxg6+ Kf5 38. Rc6 Be7 0-1

[Event "Challenge"]
[Site "http://www.queenalice.com/game.php?id=1168353"]
[Date "2013.4.4"]
[Round "-"]
[White "madruga23"]
[Black "tallos"]
[Result "0-1"]
[WhiteElo "1959"]
[BlackElo "2236"]

1. e4 g6 2. d4 Bg7 3. Nf3 c6 4. Bd3 d5 5. e5 Nh6 6. Bxh6 Bxh6 7. c4 Bg4 8. h3
Bxf3 9. Qxf3 Qb6 10. Qe2 Qxd4 11. cxd5 Qxd5 12. O-O O-O 13. Nc3 Qc5 14. e6 f5
15. Bc4 b5 16. Bb3 Na6 17. Rad1 Rad8 18. Rd7 Nb8 19. Rxd8 Rxd8 20. Rd1 Rd6 21.
Qf3 Qe5 22. Rxd6 Qxd6 23. g4 Qe5 24. Qd1 Qf6 25. Qd8+ Qf8 26. Qc7 fxg4 27. hxg4
a6 28. Ne4 Bf4 29. Qb6 Be5 30. Qe3 a5 31. a3 Na6 32. Qa7 Nc7 33. Nc5 Bd4 34.
Qxc7 Qxf2+ 0-1